000
00299nam a2200133Ia 4500
100
_a
Knopp/Konrad
942
_c
BK
654
_a
sequences
245
_a
Infinite sequences and series
260
_b
Dover publications
_a
New York
_c
1956
082
_a
515.24
_b
KNO
300
_a
186
546
_a
ENGLISH
999
_c
26572
_d
26572